000 00339 a2200157 4500
001 58195
020 _a
040 _cAnchieta - Pituba
100 _aBraga, Esmeraldo
240 1 0 _aA hora e a vez do jumento
_lpor
245 1 0 _aA hora e a vez do jumento
300 _a90
362 0 _a1979
650 4 _aDrama brasileiro
942 _cBK
999 _c58195
_d58195